| 000 | 00849cam a2200253 i 4500 | ||
|---|---|---|---|
| 999 |
_c12123 _d12123 |
||
| 003 | OSt | ||
| 005 | 20231117124922.0 | ||
| 008 | 160604s2016 ii ab b 000 0 engod | ||
| 020 | _a9788129139641 | ||
| 040 | _aBMSCA | ||
| 041 | _aeng | ||
| 082 | 0 | 4 |
_a307.12160954 _223 |
| 245 | 0 | 4 |
_aThe making of vibrant cities : _ba collection of essays compiled by Mumbai First. |
| 250 | _aFirst impression. | ||
| 260 |
_aNew Delhi: _bRupa Publications India, _c2016 |
||
| 300 |
_axi, 315 pages : _billustrations (black and white), maps (black and white) ; _c23 cm |
||
| 504 | _aIncludes bibliographical references. | ||
| 650 | 0 |
_aCity planning _zIndia. |
|
| 650 | 0 | _aCity planning. | |
| 650 | 0 |
_aSustainable urban development _zIndia. |
|
| 650 | 0 | _aSustainable urban development. | |
| 710 | 2 |
_aMumbai First (Organisation), _eissuing body. |
|
| 942 | _2ddc | ||